Les femmes remarquables 1 - Statistiques

Statistiques générales
  • Ce quiz a été pris 14 fois
  • Le résultat moyen est 3 sur 25
Statistiques - réponses
Hint Explanation Réponse % Correct
Berthe Morisot France - 1841-1895 Peintre impressionniste
69%
Emilie du Châtelet France - 1706-1749 1ère mathématicienne connue
38%
Alice Guy France - 1873-1968 1ère réalisatrice de cinéma
38%
Ada Lovelac Angleterre - 1815-1862 Pionnière de l'informatique
31%
Olga Petit France - 1870-1966 1ère avocate française
15%
Caroline Rémy France - 1855-1929 1ère directrice de publication d'un quotidien
15%
Nelly Bly Etats-Unis - 1864-1922 1ère grand reporter
15%
Marie Marvingt France - 1875-1963 Aviatrice
15%
Jennifer Doudna Etats-Unis - 1964 Biochimiste
15%
Marthe Gautier France - 1925-2022 Biologiste - Découvre l'anomalie responsable de la trisomie 21
15%
Françoise Barré-Sinoussi France - 1947 Co-découvreuse du VIH
15%
Amalie Emmy Noether Allemagne - 1882-1932 Mathématicienne
15%
Jane Dieulafoy France - 1851-1916 1ère archéologue
8%
Franceline Ribard France - 1851-1886 1ère ophtalmologue
8%
Henrietta Leavitt Etats-Unis - 1868-1921 Astronome
8%
Jocelyn Bell Etats-Unis - 1943 Astronome - Découverte d'un pulsar
8%
Hilma af Klint Suède - 1862-1944 Peintre abstraite
8%
Anne-Marguerite Petit du Noyer France - 1663-1719 1ère journaliste
0%
Elizabeth Blackwell Etats-Unis - 1821-1910 1ère médecin
0%
Laura Bassi Italie - 1711-1778 1ère professeur de physique en université
0%
Rosalind Franklin Etats-Unis - 1920-1958 Biologiste - Etudie l'ADN
0%
Nettie Stevens Etats-Unis - 1861-1912 Biologiste - Etudie les chromosomes
0%
Lise Meitner Autriche - 1878-1968 Co-découvreuse de la fission nucléaire
0%
Emmanuelle Charpentier France - 1968 Microbiologiste et généticienne
0%
Eunice Newton Foote
Etats-Unis - 1819-1888 Physicienne - Etudie l'impact du CO2 sur le climat
0%
Aucun quiz correspondant
Distribution des résultats
% des personnes avec chaque résultat
Percentile par nombre de réponses
Votre historique - résultats
Vous n’avez pas pris ce quiz